5HLuxD.jpg

KING HENRY VIII SENIOR AND PRIMARY SCHOOL LIBRARY OPAC

Can you survive the wilderness? : (Record no. 1394)

000 -LEADER
fixed length control field 01158cam a2200313 a 4500
001 - CONTROL NUMBER
control field 16938684
003 - CONTROL NUMBER IDENTIFIER
control field OSt
005 - DATE AND TIME OF LATEST TRANSACTION
control field 20221229100638.0
008 - FIXED-LENGTH DATA ELEMENTS--GENERAL INFORMATION
fixed length control field 110829s2012 mnua j b 001 0 eng
010 ## - LIBRARY OF CONGRESS CONTROL NUMBER
LC control number 2011035745
020 ## - INTERNATIONAL STANDARD BOOK NUMBER
International Standard Book Number 9781429679961 (pbk.)
035 ## - SYSTEM CONTROL NUMBER
System control number (OCoLC)ocn748812884
040 ## - CATALOGING SOURCE
Original cataloging agency DLC
Transcribing agency DLC
Modifying agency BKX
-- BDX
-- DLC
-- KH8
042 ## - AUTHENTICATION CODE
Authentication code pcc
-- lcac
082 00 - DEWEY DECIMAL CLASSIFICATION NUMBER
Classification number 613.6 DOE
Edition number 23
100 1# - MAIN ENTRY--PERSONAL NAME
Personal name Doeden, Matt.
Relator term author
245 10 - TITLE STATEMENT
Title Can you survive the wilderness? :
Remainder of title an interactive survival adventure /
Statement of responsibility, etc. by Matt Doeden.
260 ## - PUBLICATION, DISTRIBUTION, ETC.
Place of publication, distribution, etc. North Mankato, Minn. :
Name of publisher, distributor, etc. Capstone Press,
Date of publication, distribution, etc. c2012.
300 ## - PHYSICAL DESCRIPTION
Extent 112 p. :
Other physical details col. ill. ;
Dimensions 20 cm.
490 1# - SERIES STATEMENT
Series statement You choose. Survival
504 ## - BIBLIOGRAPHY, ETC. NOTE
Bibliography, etc. note Includes bibliographical references and index.
520 ## - SUMMARY, ETC.
Summary, etc. "Describes the fight for survival while exploring wilderness regions"--
Assigning source Provided by publisher.
650 #0 - SUBJECT ADDED ENTRY--TOPICAL TERM
Topical term or geographic name entry element Wilderness survival
Form subdivision Juvenile literature.
650 #1 - SUBJECT ADDED ENTRY--TOPICAL TERM
Topical term or geographic name entry element Wilderness survival.
830 #0 - SERIES ADDED ENTRY--UNIFORM TITLE
Uniform title You choose.
Name of part/section of a work Survival.
906 ## - LOCAL DATA ELEMENT F, LDF (RLIN)
a 7
b cbc
c orignew
d 1
e ecip
f 20
g y-gencatlg
942 ## - ADDED ENTRY ELEMENTS (KOHA)
Source of classification or shelving scheme
Koha item type Books - Non Ficton
Holdings
Withdrawn status Lost status Source of classification or shelving scheme Damaged status Not for loan Collection code Permanent Location Current Location Shelving location Date acquired Total Checkouts Total Renewals Full call number Barcode Date due Date last seen Date last checked out Price effective from Koha item type
          Non-Fiction KH8 Primary School Library KH8 Primary School Library Non Fiction 2022-12-29 13 1 613.6 DOE KHPL000003171 2025-05-23 2025-05-23 2025-05-23 2022-12-29 Books - Non Ficton

Powered By KH8 IT Dept